Lucien Bianco, Peasants without the Party. Grass-roots Movements in Twentieth-Century China, Armonk (New York, U.S.A.) and London (England), M. E. Sharpe, coll. « Asia and the Pacific series », 2001, 312 p. (notice n° 1628421)
[ vue normale ]
| 000 -LEADER | |
|---|---|
| fixed length control field | 00669cam a2200145 4500500 |
| 005 - DATE AND TIME OF LATEST TRANSACTION | |
| control field | 20260111094241.0 |
| 041 ## - LANGUAGE CODE | |
| Language code of text/sound track or separate title | fre |
| 042 ## - AUTHENTICATION CODE | |
| Authentication code | dc |
| 100 10 - MAIN ENTRY--PERSONAL NAME | |
| Personal name | Lenhof, Jean-Louis |
| Relator term | author |
| 245 00 - TITLE STATEMENT | |
| Title | Lucien Bianco, Peasants without the Party. Grass-roots Movements in Twentieth-Century China, Armonk (New York, U.S.A.) and London (England), M. E. Sharpe, coll. « Asia and the Pacific series », 2001, 312 p. |
| 260 ## - PUBLICATION, DISTRIBUTION, ETC. | |
| Date of publication, distribution, etc. | 2003.<br/> |
| 500 ## - GENERAL NOTE | |
| General note | 12 |
| 786 0# - DATA SOURCE ENTRY | |
| Note | Histoire & Sociétés Rurales | 19 | 1 | 2003-03-01 | p. 253zh-342zh | 1254-728X |
| 856 41 - ELECTRONIC LOCATION AND ACCESS | |
| Uniform Resource Identifier | <a href="https://shs.cairn.info/revue-histoire-et-societes-rurales-2003-1-page-253zh?lang=fr&redirect-ssocas=7080">https://shs.cairn.info/revue-histoire-et-societes-rurales-2003-1-page-253zh?lang=fr&redirect-ssocas=7080</a> |
Pas d'exemplaire disponible.




Réseaux sociaux